Die teuersten Fußballtransfers - Innenverteidiger - Saison 2013-2014 - Statistiken

Allgemein
  • Dieses Quiz wurde 22 mal gespielt
  • Das Durchschnittsergebnis liegt bei 4 aus 13
Antwortstatistiken
Ablöse (M €) Nationalität Abgebender Verein Aufnehmender Verein Spieler % Korrekt
31,40 Brasilien AS Rom Paris SG Marquinhos
100%
19,00 Frankreich Paris SG FC Liverpool Mamadou Sakho
67%
13,50 Marokko Udinese Calcio AS Rom Medhi Benatia
44%
14,60 Frankreich AS St.-Étienne FC Chelsea Kurt Zouma
33%
12,00 Spanien Real Madrid SSC Neapel Raúl Albiol
33%
10,00 Kroatien Olympique Lyon Southampton Dejan Lovren
28%
10,00 Österreich FC Basel Dynamo Kyiv Aleksandar Dragovic
22%
11,60 Republik Kongo QPR Anzhi Christopher Samba
17%
10,00 Republik Kongo Anzhi Dinamo Moskau Christopher Samba
17%
10,00 Kolumbien FC Villarreal AC Mailand Cristián Zapata
17%
13,00 Chile FC Sevilla Cardiff City Gary Medel
17%
15,00 Italien FC Turin Juventus Turin Angelo Ogbonna
0%
10,00 Tschechische Republik Genua U19 Mailand U19 Stefan Simic
0%
Keine übereinstimmenden Quizze gefunden
Verteilung der Resultate
Anzahl Personen mit jedem Resultat
Perzentil nach korrekt beantworteten Fragen
Ihre Resultats-Entwicklung
Sie haben dieses Quiz noch nicht gespielt